Modelování systémů s rozloženými parametry a jejich vztah k optimalizaci zpracovatelských procesů přírodních a syntetických polymerů = Modeling of systems with distributed parameters and their relation to optimization of the processing of natural and synthetic polymers : teze přednášky ke jmenování profesorem

Saved in:
Bibliographic Details
Main Author Janáčová, Dagmar, 1963- (Dissertant)
Corporate Author Univerzita Tomáše Bati ve Zlíně. Fakulta aplikované informatiky
Format Book
LanguageCzech
Published Ve Zlíně : Univerzita Tomáše Bati, 2012
SeriesQualifying lecture for professorship
Subjects
ISBN9788074542299
Physical Description39 s. : il. (převážně barev.) ; 21 cm

Cover

LEADER 00000cam a2200000 a 4500
001 67045
003 CZ-ZlUTB
005 20240829152145.0
007 ta
008 121214s2012 xr a f m 000 0 cze
015 |a cnb002429698 
020 |a 9788074542299  |q (brož.) 
035 |a (OCoLC)827261628 
040 |a ABA001  |b cze  |d ZLD002 
041 0 |a cze  |b eng 
072 7 |a 675  |x Kožedělný průmysl  |2 Konspekt  |9 19 
080 |a 675.023/.024  |2 MRF 
080 |a 658.51  |2 MRF 
080 |a 519.673  |2 MRF 
080 |a (043.5:042.3)  |2 MRF 
080 |a (048.3)  |2 MRF 
100 1 |a Janáčová, Dagmar,  |d 1963-  |7 xx0004785  |4 dis 
245 1 0 |a Modelování systémů s rozloženými parametry a jejich vztah k optimalizaci zpracovatelských procesů přírodních a syntetických polymerů =  |b Modeling of systems with distributed parameters and their relation to optimization of the processing of natural and synthetic polymers : teze přednášky ke jmenování profesorem /  |c autor Dagmar Janáčová 
246 3 1 |a Modeling of systems with distributed parameters and their relation to optimization of the processing of natural and synthetic polymers 
260 |a Ve Zlíně :  |b Univerzita Tomáše Bati,  |c 2012 
300 |a 39 s. :  |b il. (převážně barev.) ;  |c 21 cm 
490 1 |a Qualifying lecture for professorship 
500 |a Nad názvem: Univerzita Tomáše Bati ve Zlíně, Fakulta aplikované informatiky 
500 |a "Obor: Řízení strojů a procesů" 
500 |a 100 výt. 
504 |a Obsahuje bibliografii 
546 |a Anglické resumé 
650 0 7 |a koželužství  |7 ph161653  |2 czenas 
650 0 7 |a technologické procesy  |7 ph126487  |2 czenas 
650 0 7 |a matematické modelování  |7 ph115240  |2 czenas 
650 0 9 |a tannery  |2 eczenas 
650 0 9 |a technological processes  |2 eczenas 
650 0 9 |a mathematical modeling  |2 eczenas 
655 7 |a profesorské přednášky  |7 fd187329  |2 czenas 
655 7 |a teze  |7 fd133701  |2 czenas 
655 9 |a inauguration lectures  |2 eczenas 
655 9 |a abstracts  |2 eczenas 
710 2 |a Univerzita Tomáše Bati ve Zlíně.  |b Fakulta aplikované informatiky  |7 mzk2006318344 
810 2 |a Univerzita Tomáše Bati ve Zlíně.  |t Teze přednášky ke jmenování profesorem 
830 0 |a Qualifying lecture for professorship 
910 |a ZLD002 
952 |0 0  |1 0  |4 0  |6 KJANÁČOVÁD  |7 0  |8 MANUS  |9 121424  |a UTBZL  |b UTBZL  |c 037  |d 2013-03-21  |l 0  |o K/JANÁČOVÁ,D.  |p 420010148280  |r 2019-08-26 00:00:00  |v 50.00  |w 2019-08-26  |x N:povinný výtisk; | 20100831  |y 01 
992 |a BK  |b SK 
901 |f [1. vyd.]  |o 20121218 
998 |a 005553502 
999 |c 67045  |d 67045